Estatísticas para Mapa do Brasil Pixelado

Clique aqui para jogar o quiz

Estatísticas Gerais

  • Esse quiz foi jogado 15 378 vezes
  • A pontuação média é 667 de 743

Respostas no mapa

Respostas codificadas por cores de uma escala verde-vermelha no mapa do quiz de acordo com a % correta abaixo.
Carregando ...
 

Estatísticas das Respostas

Resposta% Correto
Rio de Janeiro
98%
São Paulo
97%
Amazonas
95%
Pará
95%
Acre
94%
Rio Grande do Sul
94%
Bahia
92%
Mato Grosso
92%
Minas Gerais
92%
Mato Grosso do Sul
89%
Santa Catarina
89%
Paraná
88%
Espirito Santo
87%
Rio Grande do Norte
86%
Roraima
86%
Goiás
85%
Rondônia
85%
Amapá
82%
Tocantins
81%
Ceará
79%
Pernambuco
79%
Sergipe
78%
Maranhão
74%
Alagoas
72%
Piauí
72%
Paraíba
66%

Distribuição das Pontuações

Percentil de Números Respondidos

Porcentagem de Pessoas com Cada Pontuação

Sua Pontuação Histórica

Você não jogou esse quiz